Les pays battus par la France - Statistiques

Statistiques générales
  • Ce quiz a été pris 71 fois
  • Le résultat moyen est 67 sur 85
Statistiques - réponses
Victoire(s) Pays % Correct
6 Brésil
100%
16 Allemagne
98%
29 Belgique
98%
12 Italie
98%
12 Suède
98%
3 Argentine
97%
13 Espagne
97%
4 Russie
97%
1 Algérie
95%
1 Canada
95%
4 Japon
95%
19 Portugal
95%
16 Suisse
95%
4 Australie
93%
1 Chine
93%
7 Croatie
93%
3 États-Unis
93%
4 Maroc
93%
5 Mexique
93%
7 Norvège
93%
11 Angleterre
92%
9 Danemark
92%
10 Irlande
92%
14 Autriche
90%
17 Luxembourg
90%
10 Finlande
88%
15 Pays-Bas
88%
3 Uruguay
88%
3 Chili
85%
1 Egypte
85%
7 Grèce
85%
1 Pérou
85%
3 Serbie
85%
4 Turquie
85%
4 Colombie
83%
2 Corée du Sud
83%
8 Hongrie
83%
1 Lettonie
83%
1 Nouvelle-Zélande
83%
8 Ukraine
83%
3 Afrique du Sud
82%
1 Estonie
82%
4 Lituanie
82%
9 Pologne
82%
2 Tunisie
82%
5 Andorre
80%
12 Islande
80%
9 Ecosse
78%
3 Paraguay
78%
2 Slovaquie
77%
3 Slovénie
77%
2 Cameroun
75%
1 Iran
75%
1 Arabie saoudite
73%
3 Bosnie-Herzégovine
73%
1 République Tchèque
73%
8 Roumanie
73%
3 Biélorussie
72%
1 Equateur
72%
5 Israël
72%
2 Kazakhstan
72%
4 Pays de Galles
72%
1 Bolivie
70%
7 Albanie
68%
11 Bulgarie
68%
2 Côte d'Ivoire
68%
3 Géorgie
68%
1 Honduras
68%
2 URSS
67%
2 Moldavie
65%
9 Yougoslavie
65%
4 Azerbaïdjan
63%
2 Malte
63%
7 Chypre
62%
2 Gibraltar
62%
1 Nigéria
62%
5 Arménie
58%
2 Costa Rica
58%
1 Jamaique
58%
6 Irlande du Nord
57%
4 Tchécoslovaquie
50%
1 Togo
50%
2 Allemagne de l'Est
42%
2 Koweït
40%
6 Îles Féroé
37%
Aucun quiz correspondant
Distribution des résultats
% des personnes avec chaque résultat
Percentile par nombre de réponses
Votre historique - résultats
Vous n’avez pas pris ce quiz